[Event "Titled Tuesday intern op 01st Feb-B"]
[Site "Chess.com INT"]
[Date "2022.02.02"]
[Round "7"]
[White "Janaszak, Dawid"]
[Black "Maidel, Anton"]
[Result "1-0"]
[WhiteElo "2333"]
[BlackElo "2347"]
[PlyCount "67"]
[EventDate "2022.02.02"]
[EventType "swiss (blitz)"]
[EventRounds "11"]
[EventCountry "USA"]
[SourceTitle "CBM 206 Extra"]
[Source "ChessBase"]
[SourceDate "2022.03.31"]
[SourceVersion "1"]
[SourceVersionDate "2022.03.31"]
[SourceQuality "1"]

1. e4 e5 2. Ne2 Nf6 3. f4 exf4 4. Nxf4 Nc6 5. Nc3 g6 6. Bc4 Bg7 7. 0-0 0-0 8. d3 d6 9. a3 Ne5 10. Ba2 c5 11. Qe1 Rb8 12. Qg3 b5 13. Ncd5 Nxd5 14. Nxd5 c4 15. d4 Nc6 16. c3 Be6 17. Bg5 f6 18. Bf4 Bxd5 19. exd5 Ne7 20. Bxd6 Rb7 21. Rae1 Rf7 22. Bb1 Rd7 23. Bxe7 Rfxe7 24. Be4 f5 25. Bf3 Bh6 26. Re6 Be3+ 27. Kh1 f4 28. Qh3 Rd6 29. Bg4 Kg7 30. Rxe7+ Qxe7 31. Be6 a5 32. g3 Qg5 33. gxf4 Bxf4 34. Qf3 1-0

[Event "Titled Tuesday intern op 04th Jan"]
[Site "Chess.com INT"]
[Date "2022.01.04"]
[Round "3"]
[White "Tang, Zoey"]
[Black "Maidel, Anton"]
[Result "0-1"]
[WhiteElo "1998"]
[BlackElo "2347"]
[PlyCount "60"]
[EventDate "2022.01.04"]
[EventType "swiss (blitz)"]
[EventRounds "11"]
[EventCountry "USA"]
[SourceTitle "EXT 2023"]
[Source "ChessBase"]
[SourceDate "2022.10.05"]
[SourceVersion "1"]
[SourceVersionDate "2022.10.05"]
[SourceQuality "1"]

1. d4 d5 2. c4 c6 3. Nf3 Nf6 4. Nc3 dxc4 5. a4 Bg4 6. Ne5 Nbd7 7. Nxg4 Nxg4 8. e4 e5 9. Qxg4 exd4 10. Bxc4 dxc3 11. bxc3 Ne5 12. Qe2 Nxc4 13. Qxc4 Be7 14. 0-0 0-0 15. Be3 Qc7 16. a5 Rfe8 17. a6 b6 18. Rfd1 Bf8 19. f3 Rad8 20. Bf2 Rd7 21. Bg3 Qc8 22. Qe2 Red8 23. Rxd7 Rxd7 24. Bf2 Qd8 25. c4 Rd2 26. Qe1 Bb4 27. Kh1 Qd3 28. Qe3 Qc2 29. Qxb6 axb6 30. a7 Rd1+ 0-1

[Event "Titled Tuesday intern op 12th May"]
[Site "Chess.com INT"]
[Date "2020.05.12"]
[Round "2"]
[White "Maidel, Anton"]
[Black "Svane, Rasmus"]
[Result "0-1"]
[WhiteElo "2347"]
[BlackElo "2613"]
[PlyCount "42"]
[EventDate "2020.05.12"]
[EventType "swiss (blitz)"]
[EventRounds "10"]
[EventCountry "USA"]
[SourceTitle "EXT 2021"]
[Source "ChessBase"]
[SourceDate "2020.10.23"]
[SourceVersion "1"]
[SourceVersionDate "2020.10.23"]
[SourceQuality "1"]

1. e4 c6 2. d4 d5 3. Nd2 dxe4 4. Nxe4 Nf6 5. Nxf6+ exf6 6. Nf3 Bd6 7. Be2 0-0 8. 0-0 Re8 9. c4 Nd7 10. Be3 Nf8 11. Qd2 Ng6 12. Rfe1 Bf5 13. Rad1 Be4 14. b4 Qd7 15. d5 cxd5 16. cxd5 a6 17. a3 Rad8 18. Bb6 Rc8 19. Qd4 Nf4 20. Bf1 Qg4 21. Nd2 Bxg2 0-1

[Event "Titled Tuesday intern op 12th Dec"]
[Site "Chess.com INT"]
[Date "2017.12.12"]
[Round "7"]
[White "Maidel, Anton"]
[Black "Janaszak, Dawid"]
[Result "1-0"]
[WhiteElo "2347"]
[BlackElo "2372"]
[PlyCount "129"]
[EventDate "2017.12.12"]
[EventType "swiss (blitz)"]
[EventRounds "10"]
[EventCountry "USA"]
[SourceTitle "EXT 2021"]
[Source "ChessBase"]
[SourceDate "2020.10.23"]
[SourceVersion "1"]
[SourceVersionDate "2020.10.23"]
[SourceQuality "1"]

1. e4 c5 2. Nf3 d6 3. d4 cxd4 4. Nxd4 Nf6 5. Nc3 a6 6. f4 e5 7. Nf3 exf4 8. Bxf4 Nc6 9. a4 Be7 10. Bc4 Qb6 11. Qd2 0-0 12. Be3 Qc7 13. 0-0 Na5 14. Ba2 Nc4 15. Qe2 Be6 16. Bd4 Rac8 17. Kh1 Nxb2 18. Bxe6 fxe6 19. e5 dxe5 20. Nxe5 Nc4 21. Nf3 Qc6 22. Rfe1 Bb4 23. Rab1 a5 24. Qxe6+ Qxe6 25. Rxe6 Rfe8 26. Rxe8+ Rxe8 27. Bxf6 gxf6 28. Nd5 Rd8 29. Nxb4 axb4 30. h3 Ne3 31. Rxb4 Rd1+ 32. Kh2 Nf1+ 33. Kg1 Ne3+ 34. Kf2 Nxc2 35. Rxb7 Ra1 36. Ra7 f5 37. Nh4 f4 38. Nf5 Ra3 39. a5 Nb4 40. Nh6+ Kh8 41. Nf7+ Kg8 42. Ne5 h5 43. Ng6 Nd3+ 44. Ke2 Nc1+ 45. Kd2 Nb3+ 46. Kc3 Rxa5 47. Rxa5 Nxa5 48. Nxf4 h4 49. Ng6 Kg7 50. Nxh4 Kf6 51. Nf3 Nc6 52. Kd3 Kg6 53. Ke4 Ne7 54. g4 Ng8 55. h4 Nf6+ 56. Kf4 Nd5+ 57. Ke5 Ne3 58. Kf4 Ng2+ 59. Kg3 Ne3 60. Nd4 Nf1+ 61. Kf2 Nh2 62. Kg3 Nf1+ 63. Kf4 Nd2 64. Nf3 Nc4 65. Ne5+ 1-0

[Event "Titled Tuesday intern op 12th Dec"]
[Site "Chess.com INT"]
[Date "2017.12.12"]
[Round "6"]
[White "Schwabeneder, Florian"]
[Black "Maidel, Anton"]
[Result "1-0"]
[WhiteElo "2398"]
[BlackElo "2347"]
[PlyCount "79"]
[EventDate "2017.12.12"]
[EventType "swiss (blitz)"]
[EventRounds "10"]
[EventCountry "USA"]
[SourceTitle "EXT 2021"]
[Source "ChessBase"]
[SourceDate "2020.10.23"]
[SourceVersion "1"]
[SourceVersionDate "2020.10.23"]
[SourceQuality "1"]

1. e4 e5 2. Nf3 Nf6 3. Nxe5 d6 4. Nc4 Nxe4 5. Qe2 Qe7 6. Ne3 Nf6 7. g3 g6 8. Bg2 Bg7 9. 0-0 0-0 10. d4 c6 11. c4 Na6 12. Nc3 Nc7 13. Qc2 Ng4 14. Nxg4 Bxg4 15. Be3 Qd7 16. Rfe1 Bh3 17. Bh1 Rfe8 18. d5 c5 19. a4 b6 20. Qd2 a6 21. Bf4 Rxe1+ 22. Rxe1 Re8 23. Ne4 b5 24. axb5 axb5 25. Nxd6 Rxe1+ 26. Qxe1 Bxb2 27. Nxb5 Nxb5 28. cxb5 Qxb5 29. d6 Bd4 30. Bg2 Bxg2 31. Kxg2 Qc6+ 32. f3 g5 33. Qe7 gxf4 34. d7 Bf6 35. d8Q+ Kg7 36. Qef8+ Kg6 37. Qg8+ Bg7 38. Qd3+ Kh6 39. Qgxh7+ Kg5 40. h4+ 1-0

[Event "Titled Tuesday intern op 12th Dec"]
[Site "Chess.com INT"]
[Date "2017.12.12"]
[Round "8"]
[White "Wiewiora, Eneasz"]
[Black "Maidel, Anton"]
[Result "0-1"]
[WhiteElo "2320"]
[BlackElo "2347"]
[PlyCount "110"]
[EventDate "2017.12.12"]
[EventType "swiss (blitz)"]
[EventRounds "10"]
[EventCountry "USA"]
[SourceTitle "EXT 2021"]
[Source "ChessBase"]
[SourceDate "2020.10.23"]
[SourceVersion "1"]
[SourceVersionDate "2020.10.23"]
[SourceQuality "1"]

1. e4 e5 2. Nf3 Nc6 3. Bc4 Bc5 4. c3 Nf6 5. d4 exd4 6. 0-0 Nxe4 7. cxd4 d5 8. dxc5 dxc4 9. Qxd8+ Kxd8 10. Ng5 Nxg5 11. Rd1+ Ke8 12. Bxg5 f6 13. Bf4 Be6 14. Bxc7 Kf7 15. Nc3 Rac8 16. Nb5 Kg6 17. Bg3 Rcd8 18. Rd6 Kf7 19. Re1 Rde8 20. Rd2 Kg6 21. Nc7 Bf7 22. Nxe8 Bxe8 23. Rd4 Nxd4 24. Re4 Nf5 25. Rg4+ Kf7 26. Bb8 a6 27. Bc7 Bb5 28. h3 Re8 29. Rf4 Ne7 30. Bd6 Nc8 31. Bc7 Re7 32. Bd8 Rd7 33. Ba5 Ne7 34. g4 Rd5 35. Re4 Rxc5 36. f4 Rd5 37. f5 Rd7 38. Kf2 Nc6 39. Bc3 Re7 40. Rf4 Ne5 41. Kg3 Nd3 42. Rd4 Rd7 43. Re4 Nc5 44. Re2 Bc6 45. h4 Ne4+ 46. Kf4 Nxc3 47. bxc3 Rd3 48. g5 Rxc3 49. h5 fxg5+ 50. Kxg5 Rg3+ 51. Kf4 Rf3+ 52. Kg5 h6+ 53. Kg4 Rf1 54. Re6 Bd7 55. Re5 Rxf5 0-1

[Event "Titled Tuesday intern op 3rd Oct"]
[Site "Chess.com INT"]
[Date "2017.10.03"]
[Round "7"]
[White "Bluebaum, Matthias"]
[Black "Maidel, Anton"]
[Result "1-0"]
[WhiteElo "2643"]
[BlackElo "2347"]
[PlyCount "79"]
[EventDate "2017.10.03"]
[EventType "swiss (blitz)"]
[EventRounds "10"]
[EventCountry "USA"]
[SourceTitle "EXT 2021"]
[Source "ChessBase"]
[SourceDate "2020.10.23"]
[SourceVersion "1"]
[SourceVersionDate "2020.10.23"]
[SourceQuality "1"]

1. d4 f5 2. Bg5 Nf6 3. Bxf6 exf6 4. e3 d5 5. c4 Be6 6. Qb3 b6 7. Nc3 c6 8. Nh3 Bd6 9. cxd5 cxd5 10. Bb5+ Kf7 11. 0-0 a6 12. Bd3 Nc6 13. a3 Na5 14. Qc2 g6 15. b4 Nc6 16. Ne2 Qd7 17. Nhf4 Rhc8 18. Qa2 Ne7 19. Nxe6 Qxe6 20. Rac1 a5 21. Qb3 axb4 22. axb4 Rxc1 23. Rxc1 Rc8 24. Rxc8 Qxc8 25. Nc3 Qe6 26. Nxd5 Nxd5 27. Bc4 Kg7 28. Bxd5 Qe7 29. b5 Qc7 30. g3 Qc1+ 31. Kg2 h5 32. h4 g5 33. Bc6 f4 34. Qe6 Qa3 35. Bd5 fxe3 36. Qf7+ Kh6 37. Qxf6+ Kh7 38. Qf7+ Kh6 39. Be4 e2 40. Qh7# 1-0

[Event "Titled Tuesday intern op 3rd Oct"]
[Site "Chess.com INT"]
[Date "2017.10.03"]
[Round "6"]
[White "Maidel, Anton"]
[Black "Gozzoli, Yannick"]
[Result "0-1"]
[WhiteElo "2347"]
[BlackElo "2569"]
[PlyCount "104"]
[EventDate "2017.10.03"]
[EventType "swiss (blitz)"]
[EventRounds "10"]
[EventCountry "USA"]
[SourceTitle "EXT 2021"]
[Source "ChessBase"]
[SourceDate "2020.10.23"]
[SourceVersion "1"]
[SourceVersionDate "2020.10.23"]
[SourceQuality "1"]

1. d4 d5 2. Bf4 Nf6 3. e3 e6 4. h3 Bd6 5. Bxd6 Qxd6 6. Bd3 0-0 7. c3 c5 8. Nf3 Nbd7 9. 0-0 b6 10. Nbd2 Bb7 11. Qe2 e5 12. dxe5 Nxe5 13. Nxe5 Qxe5 14. Rad1 Rad8 15. Rfe1 Rfe8 16. Bb5 Rf8 17. Bd3 g6 18. e4 dxe4 19. Nxe4 Nxe4 20. f3 f5 21. fxe4 f4 22. Bc4+ Kg7 23. Bd5 Bc8 24. Rd3 g5 25. Qf2 h5 26. Rf1 Rd6 27. Rf3 Rdf6 28. Rd3 g4 29. Qh4 Rg6 30. Kh1 Rg5 31. Bc6 f3 32. g3 Be6 33. Kh2 Rg6 34. Rf2 Rff6 35. Bd5 Bc8 36. a3 Ba6 37. Re3 Bc8 38. Rd3 Rd6 39. c4 Qf6 40. Qxf6+ Kxf6 41. b4 Ke5 42. bxc5 bxc5 43. Rb3 Rb6 44. Rfb2 Rxb3 45. Rxb3 Rb6 46. Rxb6 axb6 47. Bf7 gxh3 48. Bxh5 f2 49. Be2 Kxe4 50. g4 Ke3 51. Bf1 Bxg4 52. Kg3 Be2 0-1

[Event "Titled Tuesday intern op 3rd Oct"]
[Site "Chess.com INT"]
[Date "2017.10.03"]
[Round "10"]
[White "Maidel, Anton"]
[Black "Rusev, Krasimir"]
[Result "1-0"]
[WhiteElo "2347"]
[BlackElo "2538"]
[PlyCount "83"]
[EventDate "2017.10.03"]
[EventType "swiss (blitz)"]
[EventRounds "10"]
[EventCountry "USA"]
[SourceTitle "EXT 2021"]
[Source "ChessBase"]
[SourceDate "2020.10.23"]
[SourceVersion "1"]
[SourceVersionDate "2020.10.23"]
[SourceQuality "1"]

1. e4 d6 2. d4 Nf6 3. Nc3 e5 4. Nf3 exd4 5. Nxd4 Be7 6. g3 0-0 7. Bg2 c6 8. 0-0 Re8 9. Re1 a5 10. a4 Na6 11. h3 Nc5 12. g4 g6 13. Nde2 Bf8 14. Ng3 Qb6 15. b3 Bd7 16. Bf4 Rad8 17. Qd2 Bc8 18. Rad1 Qb4 19. Nb1 Qb6 20. Bh6 Be7 21. Nf5 Bxf5 22. exf5 d5 23. Qd4 Ncd7 24. Qb2 Bc5 25. c4 dxc4 26. g5 Rxe1+ 27. Rxe1 Bd4 28. Qe2 cxb3 29. gxf6 Nxf6 30. Nd2 b2 31. Nc4 b1Q 32. Nxb6 Qxb6 33. Kh1 Qb2 34. Qe7 Qb6 35. Rd1 c5 36. Re1 Bxf2 37. Bd5 Kh8 38. Qxf7 Rg8 39. Bg7+ Rxg7 40. Re8+ Nxe8 41. Qxe8+ Rg8 42. Qxg8# 1-0

[Event "Titled Tuesday intern Qual4 25th April"]
[Site "Chess.com INT"]
[Date "2017.04.25"]
[Round "4"]
[White "Matinian, Nikita"]
[Black "Maidel, Anton"]
[Result "1-0"]
[WhiteElo "2491"]
[BlackElo "2347"]
[PlyCount "63"]
[EventDate "2017.04.25"]
[EventType "swiss (blitz)"]
[EventRounds "10"]
[EventCountry "USA"]
[SourceTitle "EXT 2021"]
[Source "ChessBase"]
[SourceDate "2020.10.23"]
[SourceVersion "1"]
[SourceVersionDate "2020.10.23"]
[SourceQuality "1"]

1. e4 e5 2. Nf3 Nf6 3. d4 exd4 4. e5 Ne4 5. Qxd4 d5 6. exd6 Nxd6 7. Nc3 Nc6 8. Qf4 g6 9. Be3 Bg7 10. 0-0-0 0-0 11. h4 Qf6 12. Qxf6 Bxf6 13. Nd5 Bd8 14. h5 Bg4 15. hxg6 fxg6 16. Be2 Ne7 17. Bc5 Nxd5 18. Rxd5 Be7 19. Rd4 Be6 20. Bd3 b6 21. Bxd6 Bxd6 22. Ng5 Bxa2 23. b3 Bf4+ 24. Rxf4 Rxf4 25. Kb2 Bxb3 26. Kxb3 Rxf2 27. Bc4+ Kf8 28. Rxh7 Re8 29. Ne6+ Kg8 30. Rxc7 Kh8 31. Ng5 Re3+ 32. c3 1-0

[Event "Titled Tuesday intern Qual2 11th April"]
[Site "Chess.com INT"]
[Date "2017.04.11"]
[Round "6"]
[White "Reimanis, Ritvars"]
[Black "Maidel, Anton"]
[Result "1-0"]
[WhiteElo "2285"]
[BlackElo "2347"]
[PlyCount "49"]
[EventDate "2017.04.11"]
[EventType "swiss (blitz)"]
[EventRounds "10"]
[EventCountry "USA"]
[SourceTitle "EXT 2021"]
[Source "ChessBase"]
[SourceDate "2020.10.23"]
[SourceVersion "1"]
[SourceVersionDate "2020.10.23"]
[SourceQuality "1"]

1. d4 d5 2. c4 c6 3. Nf3 Nf6 4. e3 Bg4 5. Qb3 Qb6 6. Ne5 Be6 7. Nc3 dxc4 8. Bxc4 Bxc4 9. Nxc4 Qc7 10. Bd2 Nbd7 11. h3 e6 12. 0-0 Be7 13. Rfe1 0-0 14. e4 b5 15. Ne3 a5 16. e5 Nd5 17. Ncxd5 exd5 18. Rac1 Qb7 19. Nf5 Rfe8 20. Qg3 g6 21. e6 fxe6 22. Rxe6 Nf8 23. Rexc6 Qd7 24. Nh6+ Kg7 25. Qe5+ 1-0

[Event "Titled Tuesday intern Qual1 4th April"]
[Site "Chess.com INT"]
[Date "2017.04.04"]
[Round "7"]
[White "Blohberger, Felix"]
[Black "Maidel, Anton"]
[Result "0-1"]
[WhiteElo "2272"]
[BlackElo "2347"]
[PlyCount "88"]
[EventDate "2017.04.04"]
[EventType "swiss (blitz)"]
[EventRounds "10"]
[EventCountry "USA"]
[SourceTitle "EXT 2021"]
[Source "ChessBase"]
[SourceDate "2020.10.23"]
[SourceVersion "1"]
[SourceVersionDate "2020.10.23"]
[SourceQuality "1"]

1. d4 d5 2. Bf4 Nf6 3. e3 c5 4. c3 Qb6 5. Qb3 c4 6. Qc2 Nc6 7. Nd2 g6 8. e4 Nxe4 9. Nxe4 Bf5 10. f3 dxe4 11. fxe4 Bd7 12. Nf3 Rc8 13. d5 Na5 14. Be5 f6 15. Bd4 Qc7 16. e5 Bg7 17. d6 Qd8 18. 0-0-0 0-0 19. dxe7 Qxe7 20. exf6 Bxf6 21. Qd2 Ba4 22. Re1 Qd8 23. Be2 b5 24. Bd1 Bxd1 25. Rxd1 a6 26. Rhe1 Nc6 27. Bxf6 Qxf6 28. Qd5+ Kh8 29. Re6 Qf4+ 30. Kb1 Rcd8 31. Rd6 Rxd6 32. Qxd6 Qf5+ 33. Kc1 Rf6 34. Qd2 g5 35. Nxg5 Ne5 36. Qd8+ Rf8 37. Ne6 Rg8 38. Qd5 Qf6 39. Nd4 Nd3+ 40. Rxd3 cxd3 41. Qe4 Qf1+ 42. Kd2 Rxg2+ 43. Ke3 Re2+ 44. Kxd3 Rxe4+ 0-1

[Event "Titled Tuesday intern Qual1 4th April"]
[Site "Chess.com INT"]
[Date "2017.04.04"]
[Round "10"]
[White "Maidel, Anton"]
[Black "Karas, Marek"]
[Result "1-0"]
[WhiteElo "2347"]
[BlackElo "2306"]
[PlyCount "77"]
[EventDate "2017.04.04"]
[EventType "swiss (blitz)"]
[EventRounds "10"]
[EventCountry "USA"]
[SourceTitle "EXT 2021"]
[Source "ChessBase"]
[SourceDate "2020.10.23"]
[SourceVersion "1"]
[SourceVersionDate "2020.10.23"]
[SourceQuality "1"]

1. d4 Nf6 2. Nf3 e6 3. g3 d5 4. Bg2 Be7 5. 0-0 0-0 6. c4 dxc4 7. Ne5 Nc6 8. Bxc6 bxc6 9. Nxc6 Qe8 10. Nxe7+ Qxe7 11. Nd2 e5 12. dxe5 Qxe5 13. Nxc4 Qc5 14. Qc2 Bh3 15. Re1 Qc6 16. f3 Rfe8 17. Be3 Rxe3 18. Nxe3 Qb6 19. Qb3 Qc5 20. Rac1 Qe7 21. Ng2 Qe5 22. Qc3 Qb5 23. Qc6 Qb8 24. b3 a5 25. Qxc7 Qe8 26. e4 h5 27. Nf4 Bd7 28. e5 Nh7 29. Nxh5 Ng5 30. Qc3 Rc8 31. Qe3 Nh3+ 32. Kg2 Rb8 33. Nf4 Ng5 34. h4 Nh7 35. e6 fxe6 36. Nxe6 Qg6 37. Nf4 Qf7 38. Qe5 Nf6 39. Qxb8+ 1-0

[Event "Titled Tuesday intern op 7th March"]
[Site "Chess.com INT"]
[Date "2017.03.07"]
[Round "8"]
[White "Maidel, Anton"]
[Black "Quesada Perez, Yuniesky"]
[Result "0-1"]
[WhiteElo "2347"]
[BlackElo "2630"]
[PlyCount "110"]
[EventDate "2017.03.07"]
[EventType "swiss (blitz)"]
[EventRounds "11"]
[EventCountry "USA"]
[SourceTitle "EXT 2021"]
[Source "ChessBase"]
[SourceDate "2020.10.23"]
[SourceVersion "1"]
[SourceVersionDate "2020.10.23"]
[SourceQuality "1"]

1. Nf3 d5 2. d4 Nf6 3. c4 e6 4. g3 Bb4+ 5. Bd2 Bd6 6. Bg2 0-0 7. 0-0 c6 8. Qc2 Nbd7 9. Bf4 Bxf4 10. gxf4 b6 11. e3 Bb7 12. Nbd2 Rc8 13. b4 c5 14. bxc5 bxc5 15. Rab1 Qc7 16. cxd5 Bxd5 17. Rfc1 Qd8 18. Qa4 Ne4 19. Nb3 c4 20. Na5 Nb6 21. Qa3 g5 22. fxg5 Nxg5 23. Ne5 Ne4 24. f3 Nd6 25. e4 Ba8 26. Qe3 f6 27. Ng4 Kh8 28. f4 Rg8 29. h3 h5 30. f5 Qf8 31. Nh6 Rg5 32. h4 Rxg2+ 33. Kxg2 Nxe4 34. Kh2 Qd6+ 35. Kh3 Rc7 36. Rg1 Kh7 37. Rg6 Nd5 38. Nf7 Nxe3 39. Nxd6 Nxd6 40. Rb8 Ndxf5 41. Rgg8 Rg7 42. Rh8+ Kg6 43. Rxa8 Ne7 44. Rxa7 Kf5 45. Re8 N3d5 46. Nc6 Nf4+ 47. Kh2 Rg2+ 48. Kh1 c3 49. Nxe7+ Ke4 50. Rc7 Rc2 51. Rec8 Ne2 52. a4 Kf3 53. a5 Ng3+ 54. Kg1 Rc1+ 55. Kh2 Rh1# 0-1

[Event "St Petersburg rapid final"]
[Site "St Petersburg"]
[Date "2016.09.17"]
[Round "1.3"]
[White "Maidel, Anton"]
[Black "Saveliev, Alexei"]
[Result "1/2-1/2"]
[WhiteElo "2347"]
[BlackElo "2392"]
[PlyCount "50"]
[EventDate "2016.09.17"]
[EventType "k.o. (rapid)"]
[EventRounds "5"]
[EventCountry "RUS"]
[SourceTitle "CBM 174 Extra"]
[Source "ChessBase"]
[SourceDate "2016.10.10"]
[SourceVersion "1"]
[SourceVersionDate "2016.10.10"]
[SourceQuality "1"]

1. Nf3 Nf6 2. d4 e6 3. Bf4 c5 4. e3 Nc6 5. c3 d5 6. Bd3 Bd6 7. Bg3 0-0 8. Nbd2 Re8 9. Qe2 e5 10. dxe5 Nxe5 11. Nxe5 Bxe5 12. Nf3 Bg4 13. Bxe5 Rxe5 14. h3 Bxf3 15. Qxf3 Qe7 16. 0-0 Rd8 17. Rad1 h6 18. Bc2 b6 19. Rd2 Ne4 20. Bxe4 dxe4 21. Qd1 Rxd2 22. Qxd2 Qe6 23. b3 Rd5 24. Qc2 f5 25. Rd1 Qd7 1/2-1/2

[Event "Titled Tuesday intern op 5th July"]
[Site "Chess.com INT"]
[Date "2016.07.05"]
[Round "9"]
[White "Kiewra, Keaton F"]
[Black "Maidel, Anton"]
[Result "0-1"]
[WhiteElo "2430"]
[BlackElo "2347"]
[PlyCount "48"]
[EventDate "2016.07.05"]
[EventType "swiss (blitz)"]
[EventRounds "9"]
[EventCountry "USA"]
[SourceTitle "EXT 2021"]
[Source "ChessBase"]
[SourceDate "2020.10.23"]
[SourceVersion "1"]
[SourceVersionDate "2020.10.23"]
[SourceQuality "1"]

1. e4 e5 2. Nf3 Nf6 3. Nxe5 d6 4. Nxf7 Kxf7 5. d4 c5 6. Bc4+ Be6 7. Bxe6+ Kxe6 8. 0-0 cxd4 9. Qxd4 Nc6 10. Qc4+ Kd7 11. Nc3 Rc8 12. Bf4 Kc7 13. Rad1 Kb8 14. Nb5 Qb6 15. Nxd6 Bxd6 16. Rxd6 Ka8 17. b3 Rhe8 18. Re1 Qb4 19. Qxb4 Nxb4 20. c4 Nxe4 21. Rdd1 Nc3 22. Be3 Nxd1 23. Rxd1 Rcd8 24. Ra1 Nc2 0-1

[Event "Titled Tuesday intern op 5th July"]
[Site "Chess.com INT"]
[Date "2016.07.05"]
[Round "7"]
[White "Ris, Robert"]
[Black "Maidel, Anton"]
[Result "1/2-1/2"]
[WhiteElo "2418"]
[BlackElo "2347"]
[PlyCount "91"]
[EventDate "2016.07.05"]
[EventType "swiss (blitz)"]
[EventRounds "9"]
[EventCountry "USA"]
[SourceTitle "EXT 2021"]
[Source "ChessBase"]
[SourceDate "2020.10.23"]
[SourceVersion "1"]
[SourceVersionDate "2020.10.23"]
[SourceQuality "1"]

1. Nf3 g6 2. g3 Bg7 3. Bg2 f5 4. d4 Nf6 5. b3 0-0 6. Bb2 d6 7. Nbd2 Qe8 8. 0-0 Na6 9. e3 c6 10. Ne1 Nc7 11. Nd3 Ng4 12. a4 e5 13. dxe5 dxe5 14. Nc4 e4 15. Bxg7 Kxg7 16. Nf4 Qe7 17. Qd4+ Nf6 18. Rfd1 Be6 19. Qe5 Kg8 20. Rd6 Rae8 21. Nxe6 Nxe6 22. Rad1 Ng4 23. Qa5 b6 24. Qc3 Rd8 25. h3 Nh6 26. Rxd8 Rxd8 27. Rxd8+ Qxd8 28. Qe5 Ng5 29. Nd6 Nhf7 30. Nxf7 Nxf7 31. Qe6 Qd5 32. Qe7 Ne5 33. Qe8+ Kg7 34. Qe7+ Kg8 35. Bf1 Nf3+ 36. Kg2 Ne1+ 37. Kh1 b5 38. axb5 cxb5 39. Qe8+ Kg7 40. Bxb5 Qd2 41. Qe7+ Kh6 42. Qh4+ Kg7 43. Qe7+ Kh6 44. Qh4+ Kg7 45. Qe7+ Kh6 46. Qh4+ 1/2-1/2

[Event "Titled Tuesday intern op 5th July"]
[Site "Chess.com INT"]
[Date "2016.07.05"]
[Round "5"]
[White "Rychagov, Andrey"]
[Black "Maidel, Anton"]
[Result "1-0"]
[WhiteElo "2558"]
[BlackElo "2347"]
[PlyCount "75"]
[EventDate "2016.07.05"]
[EventType "swiss (blitz)"]
[EventRounds "9"]
[EventCountry "USA"]
[SourceTitle "EXT 2021"]
[Source "ChessBase"]
[SourceDate "2020.10.23"]
[SourceVersion "1"]
[SourceVersionDate "2020.10.23"]
[SourceQuality "1"]

1. d4 d5 2. c4 c6 3. Nf3 Nf6 4. Nc3 dxc4 5. a4 Bf5 6. Ne5 Nbd7 7. Nxc4 Nb6 8. Ne5 a5 9. e3 e6 10. g4 Bg6 11. h4 Ne4 12. h5 Qf6 13. Nxe4 Bxe4 14. f3 Bb4+ 15. Bd2 Bxd2+ 16. Kxd2 0-0-0 17. fxe4 Qxe5 18. Bd3 Qd6 19. Qb3 Nd7 20. e5 Qc7 21. Ke2 f6 22. exf6 Nxf6 23. Qxe6+ Kb8 24. g5 Rhe8 25. Qf5 Nd5 26. Be4 Qb6 27. Rab1 Nxe3 28. Kxe3 Qxd4+ 29. Kf3 Rf8 30. Rbd1 Rxf5+ 31. Bxf5 Qb6 32. Rxd8+ Qxd8 33. Kg4 Qd4+ 34. Kf3 Qd5+ 35. Be4 Qxg5 36. Bxh7 Qf6+ 37. Kg4 Qc3 38. bxc3 1-0

[Event "Titled Tuesday intern op 5th July"]
[Site "Chess.com INT"]
[Date "2016.07.05"]
[Round "1"]
[White "Viviani, Alessio"]
[Black "Maidel, Anton"]
[Result "0-1"]
[WhiteElo "2262"]
[BlackElo "2347"]
[PlyCount "50"]
[EventDate "2016.07.05"]
[EventType "swiss (blitz)"]
[EventRounds "9"]
[EventCountry "USA"]
[SourceTitle "EXT 2021"]
[Source "ChessBase"]
[SourceDate "2020.10.23"]
[SourceVersion "1"]
[SourceVersionDate "2020.10.23"]
[SourceQuality "1"]

1. d4 d5 2. c4 c6 3. cxd5 cxd5 4. Nc3 Nf6 5. f3 Nc6 6. e4 e6 7. e5 Ng8 8. f4 Nh6 9. Nf3 Nf5 10. g4 Nh4 11. Be3 Nxf3+ 12. Qxf3 Qh4+ 13. Bf2 Qd8 14. Bd3 Qb6 15. 0-0 Bd7 16. Na4 Qb4 17. Nc5 Nxd4 18. Qd1 Bxc5 19. a3 Qxb2 20. Rb1 Qxa3 21. Rxb7 Ba4 22. Qb1 0-0 23. Bxh7+ Kh8 24. Kh1 Qf3+ 25. Kg1 Qh3 0-1

[Event "Titled Tuesday intern op 7th June"]
[Site "Chess.com INT"]
[Date "2016.06.07"]
[Round "5"]
[White "Bok, Benjamin"]
[Black "Maidel, Anton"]
[Result "0-1"]
[WhiteElo "2613"]
[BlackElo "2347"]
[PlyCount "70"]
[EventDate "2016.06.07"]
[EventType "swiss (blitz)"]
[EventRounds "9"]
[EventCountry "USA"]
[SourceTitle "EXT 2021"]
[Source "ChessBase"]
[SourceDate "2020.10.23"]
[SourceVersion "1"]
[SourceVersionDate "2020.10.23"]
[SourceQuality "1"]

1. e4 e5 2. Nf3 Nc6 3. Bb5 a6 4. Ba4 Nf6 5. 0-0 Nxe4 6. d4 b5 7. Bb3 d5 8. dxe5 Be6 9. Qe2 Nc5 10. Rd1 Nxb3 11. axb3 Qc8 12. Nc3 d4 13. Nxd4 Nxd4 14. Rxd4 Be7 15. Be3 0-0 16. Rad1 c5 17. Nd5 Bd8 18. R4d2 Qc6 19. c4 bxc4 20. Qxc4 Rc8 21. Rc1 Qb7 22. Bxc5 Bb6 23. b4 Rfd8 24. Rcd1 Bxc5 25. Nf6+ gxf6 26. Rxd8+ Bf8 27. Qf4 Rxd8 28. Rxd8 Qe7 29. Qxf6 Qxb4 30. Qg5+ Kh8 31. h3 h6 32. Qxh6+ Kg8 33. Qg5+ Kh7 34. Qf6 Bg7 35. Qh4+ Qxh4 0-1

[Event "Titled Tuesday intern op 7th June"]
[Site "Chess.com INT"]
[Date "2016.06.07"]
[Round "2"]
[White "Maidel, Anton"]
[Black "Har Zvi, Ronen"]
[Result "0-1"]
[WhiteElo "2347"]
[BlackElo "2515"]
[PlyCount "100"]
[EventDate "2016.06.07"]
[EventType "swiss (blitz)"]
[EventRounds "9"]
[EventCountry "USA"]
[SourceTitle "EXT 2021"]
[Source "ChessBase"]
[SourceDate "2020.10.23"]
[SourceVersion "1"]
[SourceVersionDate "2020.10.23"]
[SourceQuality "1"]

1. e4 c5 2. Nf3 d6 3. d4 cxd4 4. Nxd4 Nf6 5. Nc3 a6 6. f4 Qc7 7. a4 e6 8. Bd3 Nbd7 9. 0-0 b6 10. Kh1 Bb7 11. Qe1 Be7 12. Bd2 0-0 13. f5 e5 14. Nf3 d5 15. exd5 Nxd5 16. Nxd5 Bxd5 17. Qg3 Bf6 18. Ng5 Nc5 19. Rae1 Nxd3 20. cxd3 Qc2 21. Bc3 Bxg5 22. Qxg5 f6 23. Qg3 Qxa4 24. d4 e4 25. Rf4 Rf7 26. h4 Kh8 27. h5 h6 28. Rg4 Qc2 29. Rg6 e3 30. Rxe3 Qxf5 31. Qg4 Qxg4 32. Rxg4 a5 33. Re1 Raa7 34. Re8+ Kh7 35. Rg3 Rfe7 36. Rd8 Rad7 37. Rxd7 Rxd7 38. Re3 Kg8 39. Kh2 Kf7 40. g4 Be6 41. Kg3 Rd5 42. Re4 Rg5 43. Bd2 Rb5 44. Bc3 Rb3 45. Kf4 a4 46. Re3 b5 47. Re2 b4 48. Be1 Bd5 49. Rf2 a3 50. bxa3 bxa3 0-1